00401nam a2200157Ia 4500008004100000041000800041082001100049100002900060245005800089250000800147260002300155300000900178542001500187551002700202650001400229220531s9999 xx 000 0 und d aeng a-bJAD aJadhav, S. S. And Others aPhysical And Analytical Chemistry (sem-ii, Paper-iii) a1ST aPunebNiralic2014 a4.52 d19-11-2014 aSciencebNon-grant-SCI aChemistry